000 02580amm a2200325 i 4500
001 768714001
003 CO-MdFUSB
005 20250731083538.0
007 cr aa aaaaa
008 240409t2012 ck ||||| |||| 00| 0 spa d
040 _cCO-MdFUSB
100 1 _aHernández Martínez, Diana Patricia
_eautor
245 1 0 _aUna perspectiva retórica de la función de la oración de Salomón en el libro de Reyes
_b/ Diana Patricia Hernández Martínez , Fabián Joseph Orjuela Pavón ; asesorado por Milton Acosta
_h[electrónico]
264 _aMedellín, Colombia :
_bFUSBC,
_c[2012]
300 _a57 páginas
336 _2rdacontent
_atexto
_btxt
337 _2rdamedia
_ainformático
_bc
338 _2rdacarrier
_aremoto
_bcr
502 _aTrabajo de grado
_bTeología –
_cFundación Universitaria Seminario Bíblico de Colombia,
_d2012
505 _aLa Retórica Bíblica -- Breve historia de la crítica retórica en los estudios bíblicos -- Retórica clásica -- Retórica contemporánea -- Antecedentes de la función de la oración de Salomón en el libro de Reyes -- Planteamientos de la estructura de la oración de Salomón -- Estructura quiásmica -- Estructura progresiva y temática -- Reyes y la oración de Salomón -- Vista panorámica del libro de Reyes -- Lugar, extensión e importancia de la oración en el libro de Reyes -- La retórica en el libro de los Reyes -- Retórica en la Biblia -- Propuesta de la función de la oración de Salomón (1R 8:23-53) -- Reconocer a un Dios misericordioso, fiel y justo invita a volverse a Dios -- El templo como símbolo para volverse a Dios -- La interpretación de las maldiciones, una oportunidad para volverse a Dios -- Función de la oración: Una invitación a volverse a Dios
506 _aComprender la función de la oración de Salomón es relevante y oportuno para el estudio de las escrituras, porque permite comprender la estructura y la elaboración del texto bíblico al cumplir el propósito de comunicar un mensaje y así persuadirlo no solo al primer auditorio, sino también a los lectores posteriores. Partiendo del arte de persuasión, esto da claridad y significado a la oración de Salomón dentro del libro de Reyes.
535 _aRecurso en REPCI
630 0 7 _aBiblia.
_pAntiguo Testamento
630 0 7 _aBiblia.
_pReyes,
_xCrítica, interpretación, etc.
650 1 7 _aCrítica literaria
_9527
700 _aOrjuela Pavón, Fabián Joseph,
_99210
_eautor
700 _aAcosta, Milton
_993
_easesor
856 _aREPCI
_uhttps://repositorio.repci.co/handle/123456789/670
942 _cTG
999 _c32353
_d32353